000 00348nam a2200133Ia 4500
008 240624s9999 xx 000 0 und d
041 _aeng
082 _a808 LOR
100 _aOBERLIN LORIANN HOFF
245 _aWRITING FOR QUICK CASH TURN YOUR WAY WIT
260 _c2004
_aNew York
_bAMACOM
300 _axi, : 226 : p. : cm. ; 23
365 _c
_b28
999 _c22088
_d22088